Wonky Word Clicking - H - Statistics

General Stats
  • This quiz has been taken 295 times
  • The average score is 12 of 15
Answer Stats
Hint Answer % Correct
Hurdy -gurdy
95%
Hodge podge
95%
Hulla baloo
92%
Hap hazard
92%
Hyper bole
91%
Hood wink
90%
Hool igan
86%
Hum dinger
85%
Highf alutin
83%
Hi jinks
82%
Hawk shaw
72%
Horn swoggle
67%
Hoo tenanny
62%
Hobble dehoy
45%
Hough magandy
41%
No matching quizzes found
Score Distribution
Percent of People with Each Score
Percentile by Number Answered
Your Score History
You have not taken this quiz